000 00595nam a2200241 a 4500
005 20210219153001.0
008 991125n 000 0 u
035 _aUPN01000070600
100 _aHoffman, Dale T.
222 _aPHYSICS TEACHER
245 _aA cycloid race
300 _a395-397
362 _a29, No. 6, 1991
505 _aFebrero 1993
653 0 _aCONCEPTOS ERRONEOS
653 0 _aFISICA
653 0 _aFORMULAS MATEMATICAS
653 0 _aMOCION
653 0 _aMODELOS MATEMATICOS
653 0 _aRESOLUCION DE PROBLEMAS
904 _aAC
_b008411
905 _aArticulo
999 _c65451
_d65451